| 000 | 00862nam a2200265 i 4500 | ||
|---|---|---|---|
| 003 | DO-SdBNP | ||
| 005 | 20240826143719.0 | ||
| 007 | ta | ||
| 008 | 240826b1954 fr ||||| |||| 00| 0 spa d | ||
| 040 |
_aDO-SdBNP _bspa _cBNPHU _erda |
||
| 082 | 4 | _222 | |
| 100 |
_aVissert Hooft, W. A., _eautor _986407 |
||
| 245 | 1 | 3 |
_aEl movimiento ecuménico y el problema racial / _cW. A. Visser T Hooft |
| 264 |
_aParís : _bEditor UNESCO, _c1954. |
||
| 300 |
_a76 páginas ; _c22 cm. |
||
| 336 |
_2rdacontent _atexto _btxt |
||
| 337 |
_2rdamedia _asin mediación _bn |
||
| 338 |
_2rdacarrier _avolumen _bnc |
||
| 490 | _aLa cuestión racial y el pensamiento moderno | ||
| 500 | _aIncluye referencias bibliográficas y notas al pie de las páginas | ||
| 504 | _aBibliografía : páginas 71-72 | ||
| 590 | _aInventariado, 2024/BT | ||
| 910 | _aBtavárez | ||
| 942 |
_2ddc _cLBS1 |
||
| 999 |
_c57550 _d57550 |
||